000 00966nam0a2200253 4500
001 RU\NLR\BIBL_A\012046728
005 20250626173841.0
035 _a(NLR Aleph) 012046728
090 _a11629040
_c11629040
100 _a20190626d1930 |||y0rusy50 ca
101 0 _ainh
102 _aRU
105 _ay z 000 y
200 1 _aКолхозашкара кIахьегама дисциплине й новкIости судаш и
_fМ. Дайгородов
_gтаржам МутIали н Хь.-Б.
210 _aВладикавказ
_cСердало
_d1930
215 _a21 с.
_d20
300 _aЛатин. графика
541 1 _aТрудовая дисциплина и товарищеские суды в колхозах
_zrus
686 1 _aУ9(2)321.81-642
700 1 _aДайгородов
_bМ.Н.
_gМихаил Николаевич
_4070
852 _aNLR
_bОНЛ
_jИнгуш./2-118
942 _cBOOK
980 _aNB